000 01254cam a2200133 4500500
005 20260405085714.0
041 _afre
042 _adc
100 1 0 _aMarteau, Didier
_eauthor
245 0 0 _aLes marchés de capitaux
260 _bDunod,
_c2021.
520 _aComment financer les dépenses liées à la crise sanitaire ? Comment des taux d'intérêt ou le prix du pétrole peuvent-ils devenir négatifs ? Le plan de sauvetage de la Grèce a-t-il été efficace ? A-t-on tiré les leçons de la crise financière de 2007-2008 ? Peut-on « acheter » à terme de la température ? Pour répondre à ces questions, la nouvelle édition de cet ouvrage présente de manière rigoureuse les mécanismes monétaires, leurs articulations et le fonctionnement des marchés de capitaux. Elle permet ainsi de comprendre ce que sont les marchés et d'analyser les aspects monétaires et financiers de la crise actuelle. Chaque chapitre est constitué : d’un cours structuré, assorti de nombreuses figures ; d’une rubrique L’essentiel pour retenir les points clés ; d’un QCM pour s’évaluer, avec son corrigé détaillé.
856 4 1 _uhttps://shs.cairn.info/les-marches-de-capitaux--9782100820023?lang=fr&redirect-ssocas=7080
999 _c2199696
_d2199696